| 000 | 00496nam a2200157 a 4500 | ||
|---|---|---|---|
| 001 | 000034139 | ||
| 005 | 20200930070816.0 | ||
| 008 | 110926s2005 cu a 000 0 spa d | ||
| 020 | _a9591009828 | ||
| 040 |
_aDO-SdBNP _bspa _cBNPHU |
||
| 100 | 1 |
_aNeira Betancurt, Lino Arturo _959556 |
|
| 245 | 1 | 3 |
_aLa percusión en la música cubana / _cLino Arturo Neira Betancurt. |
| 260 |
_aLa Habana : _bLetra Cubana _bInstituto Cubano del Libro, _c2005. |
||
| 300 |
_a97 p. : _bil. ; _c22 cm. |
||
| 049 | _aBNPD | ||
| 999 |
_c33630 _d33630 |
||